Dynamique des fluides Support de cours
Đã lưu trong:
| 主要作者: | |
|---|---|
| 格式: | 圖書 |
| 語言: | Undetermined |
| 出版: |
Paris
école des Mines de Paris
1996
|
| 主題: | |
| 標簽: |
添加標簽
沒有標簽, 成為第一個標記此記錄!
|
| Thư viện lưu trữ: | Trung tâm Học liệu Trường Đại học Cần Thơ |
|---|
| LEADER | 00526nam a2200193Ia 4500 | ||
|---|---|---|---|
| 001 | CTU_43922 | ||
| 008 | 210402s9999 xx 000 0 und d | ||
| 082 | |a 532 | ||
| 082 | |b N519/1996 | ||
| 100 | |a Alain Neveu | ||
| 245 | 0 | |a Dynamique des fluides | |
| 245 | 0 | |b Support de cours | |
| 245 | 0 | |c Alain Neveu | |
| 260 | |a Paris | ||
| 260 | |b école des Mines de Paris | ||
| 260 | |c 1996 | ||
| 650 | |a fluid mechanics | ||
| 904 | |i Nguyễn Quang Điền, 010911 | ||
| 980 | |a Trung tâm Học liệu Trường Đại học Cần Thơ | ||